000 00804nam a2200205Ii 4500
003 JO-AjNU
008 230605s9999||||xx |||||||||||||| ||und||
040 _aJO-AjNU
_bara
_erda
_cJO-AjNU
041 _aara
050 1 4 _aD299.T366.2019
100 3 _aتأليف: تميم،نزار خالد,
_eauthor
_960802
245 0 0 _aتاريخ الثورة الصناعية في اوروبا
250 _aالطبعة الاولي
264 3 1 _aعمان:دار الاعصار العلمي للنشر والتوزيع، 2019
300 _a274ص
_b ويحتوي على قائمة مراجع من ص273ص- 274ص
336 _atext
_btxt
_2rdacontent
337 _aunmediated
_bn
_2rdamedia
338 _avolume
_bnc
_2rdacarrier
650 4 _aالثورة الصناعية- اوروبا- التاريخ
_960803
999 _aA27442
_c31010
_d31010